00743nam0a22001931i 4500001001000000005001700010035002600027100004100053101000800094102000700102105001800109200030500127210001400432215001100446700003200457801001800489801002200507852002000529rc\55733520240726011843.0 a(NLR Aleph) 005792759 a20030616d1988 u |0rusy50 ca0 arus aRU ay |||||||||1 aЗоопланктон Гвинейского заливаe(Анализ времен. и пространств. структуры)eАвтореф. дис. на соиск. учен. степ. канд. биол. наукe(03.00.18)fМГУ им. М.В. Ломоносова, Биол. фак. aМ.d1988 a24 с. 1aКамараbС.gСеку 0aRUbNLRgpsbo 1aRUbELAR2rusmarc aNLRjА88/12712